Largest Cities in West Virginia⛏ - Statistics

General Stats
  • This quiz has been taken 18 times
  • The average score is 8 of 15
Answer Stats
Population City % Correct
49,055 Charleston
100%
29,316 Morgantown
86%
27,142 Wheeling
86%
29,910 Parkersburg
79%
17,261 Beckley
71%
46,923 Huntington
71%
19,150 Weirton
57%
13,595 South Charleston
50%
18,369 Fairmont
43%
18,502 Martinsburg
43%
10,676 Vienna
43%
16,085 Clarksburg
36%
10,842 St. Albans
21%
10,187 Cheat Lake
7%
13,805 Teays Valley
7%
No matching quizzes found
Score Distribution
Percent of People with Each Score
Percentile by Number Answered
Your Score History
You have not taken this quiz